LIBRARY & INFORMATION CENTRE, KCAET, TAVANUR

ONLINE PUBLIC ACCESS CATALOGUE (OPAC)

Fundamentals of soil dynamics and earthquake engineering (Record no. 13771)

MARC details
000 -LEADER
fixed length control field 00333nam a22001217a 4500
020 ## - INTERNATIONAL STANDARD BOOK NUMBER
ISBN 9788120326705
082 ## - DEWEY DECIMAL CLASSIFICATION NUMBER
Classification number 624.15136
Item number PRA/FU
100 ## - MAIN ENTRY--AUTHOR NAME
Personal name Prasad, Bharat Bhushan
245 ## - TITLE STATEMENT
Title Fundamentals of soil dynamics and earthquake engineering
260 ## - PUBLICATION, DISTRIBUTION, ETC. (IMPRINT)
Place of publication New Delhi
Name of publisher PHI Learning Private Limited
Year of publication 2011
300 ## - PHYSICAL DESCRIPTION
Number of Pages 566p
942 ## - ADDED ENTRY ELEMENTS (KOHA)
Koha item type Books
Holdings
Withdrawn status Lost status Damaged status Collection code Home library Current library Shelving location Date acquired Source of acquisition Cost, normal purchase price Full call number Accession Number Koha item type
      Non-fiction KAUAET KAUAET General Stacks 31/03/2012 Dreamtech, Tvpm 450.00 624.15136 PRA/FU 23132 Books
free website counter